Sportifs #1 - Statistiques

Statistiques générales
  • Ce quiz a été pris 250 fois
    148 depuis la dernière actualisation
  • Le résultat moyen est 10 sur 25
Statistiques - réponses
Question Réponse % Correct
Détenteur du record du monde du saut à la perche masculin (6,18m) Armand Duplantis
81%
Pilote monégasque de Formule 1, vainqueur du Grand Prix de Belgique à l'âge de 21 ans Charles Leclerc
81%
Footballeur uruguayen, meilleur buteur de l'histoire du Paris Saint-Germain Edinson Cavani
81%
Gardien des "Experts" de 1999 à 2017, vainqueur de deux médailles d'or olympiques et de cinq championnats du monde Thierry Omeyer
71%
Escrimeuse, qui occupait le ministère des sports juste avant la précédente Laura Flessel
67%
Pilote de moto niçois, vainqueur de deux Grands Prix Moto-GP en 2020 Fabio Quartararo
61%
Gymnaste américaine, quadruple championne olympique à Rio en 2016 Simone Biles
60%
Dernier skieur français vainqueur d'un Gros Globe (coupe du monde de ski) Alexis Pinturault
53%
Basketteur américain, légende des Lakers de Los Angeles et capitaine de la Dream Team en 1992 Magic Johnson
49%
Boxeur français, tragiquement décédé en mars 2015 sur le tournage de l'émission Dropped Alexis Vastine
48%
Tenniswoman sibérienne, gagnante des quatre tournois du Grand Chelem durant sa carrière Maria Sharapova
47%
Nageuse française, championne du monde, devenue ministre des sports en 2018 Roxana Maracineanu
40%
Cycliste australien, vainqueur de deux coupes du monde de VTT et d'un Tour de France Cadel Evans
38%
Danseuse étoile à l'opéra de Paris (1990-1998), par la suite membre du jury de Danse avec les Stars Marie-Claude Pietragalla
36%
Dernier cycliste français vainqueur d'un grand tour (Giro, Tour ou Vuelta) Laurent Jalabert
33%
Navigateur français, vainqueur du Vendée Globe en 2018 et recordman Armel Le Cléac'h
22%
Athlète belge, gagnante de l'heptathlon aux Jeux Olympiques de Rio en 2016 Nafissatou Thiam
19%
Aux côtés de Teddy Riner, seule judokate française médaillée d'or aux Jeux Olympiques de Rio Emilie Andéol
16%
Sprinteuse américaine, détentrice du record du monde du 100m et du 200m depuis 1988 Florence Griffith-Joyner
16%
Rugbyman sud-africain, capitaine de l'équipe championne du monde en 1995, il apparaît dans le film Invictus (2009) François Pienaar
13%
Hockeyeur canadien, considéré comme le meilleur joueur de l'histoire de la NHL Wayne Gretzky
11%
Céiste slovaque, rival principal de Tony Estanguet tout au long de sa carrière Michal Martikán
9%
Cavalière française, championne olympique par équipes à Rio en 2016 Pénélope Leprévost
7%
Pongiste japonais, plus jeune vainqueur d'un Open senior international Tomokazu Harimoto
5%
Volleyeuse d'origine géorgienne, capitaine du RC Cannes jusqu'en 2015 Victoria Ravva
5%
Aucun quiz correspondant
Distribution des résultats
% des personnes avec chaque résultat
Percentile par nombre de réponses
Votre historique - résultats
Vous n’avez pas pris ce quiz depuis la dernière actualisation